Операционные системы: электронный курс

מידע ביבליוגרפי
מחבר ראשי: Шевелев Г. Е. Геннадий Ефимович
מחבר תאגידי: Национальный исследовательский Томский политехнический университет Институт кибернетики Кафедра программной инженерии
סיכום:Заглавие с экрана
Дисциплина «Операционные системы» входит в междисциплинарный профессиональный модуль дисциплин подготовки бакалавров по направлениям 01.03.02 «Прикладная математика и информатика».Дисциплина реализуется на базе кафедры программной инженерии Института кибернетики Томского политехнического университета.
Доступ по логину и паролю
שפה:רוסית
יצא לאור: Томск, TPU Moodle, 2017
נושאים:
גישה מקוונת:https://design.lms.tpu.ru/course/view.php?id=1916
פורמט: MixedMaterials אלקטרוני ספר
KOHA link:https://koha.lib.tpu.ru/cgi-bin/koha/opac-detail.pl?biblionumber=667089

MARC

LEADER 00000nlm0a2200000 4500
001 667089
005 20240111095057.0
035 |a (RuTPU)RU\TPU\network\38293 
035 |a RU\TPU\network\17032 
090 |a 667089 
100 |a 20220221d2017 m y0rusy50 ca 
101 0 |a rus 
102 |a RU 
105 |a a j 000zy 
135 |a jrcn ---uucaa 
181 0 |a i  
182 0 |a b 
200 1 |a Операционные системы  |e электронный курс  |f Г. Е. Шевелев  |g Национальный исследовательский Томский политехнический университет, Институт кибернетики, Кафедра программной инженерии 
203 |a Текст  |c электронный 
210 |a Томск  |c TPU Moodle  |d 2017 
300 |a Заглавие с экрана 
330 |a Дисциплина «Операционные системы» входит в междисциплинарный профессиональный модуль дисциплин подготовки бакалавров по направлениям 01.03.02 «Прикладная математика и информатика».Дисциплина реализуется на базе кафедры программной инженерии Института кибернетики Томского политехнического университета. 
333 |a Доступ по логину и паролю 
606 1 |a Операционные системы  |2 stltpush  |3 (RuTPU)RU\TPU\subj\69886  |9 84548 
610 1 |a электронный ресурс 
610 1 |a труды учёных ТПУ 
610 1 |a электронное обучение 
610 1 |a электронные курсы ТПУ 
610 1 |a электронные учебные пособия 
610 1 |a мультипрограммный режим 
610 1 |a вычислительные процессы 
610 1 |a диспетчеризация 
610 1 |a виртуальная память 
610 1 |a подсистемы 
675 |a 004.451(075.8)  |v 4 
700 1 |a Шевелев  |b Г. Е.  |c математик  |c доцент Томского политехнического университета, кандидат физико-математических наук  |f 1946-  |g Геннадий Ефимович  |3 (RuTPU)RU\TPU\pers\25956  |9 11806 
712 0 2 |a Национальный исследовательский Томский политехнический университет  |b Институт кибернетики  |b Кафедра программной инженерии  |3 (RuTPU)RU\TPU\col\22918 
801 2 |a RU  |b 63413507  |c 20220628  |g RCR 
856 4 |u https://design.lms.tpu.ru/course/view.php?id=1916 
942 |c CF